Anno Regni Gulielmi III. Regis Angliae, Scotiae, Franciae & Hiberniae, Septimo. : At the Parliament begun at Westminster the two and twentieth day of November, Anno Dom. 1695. In the seventh year of the reign of our sovereign Lord William the Third, by the grace of God, of England, Scotland, France and Ireland, king, defender of the faith, &c.

Bibliographic Details
Corporate Author: England and Wales. Parliament
Format: eBook
Language:English
Published: London : Printed by Charles Bill, and the executrix of Thomas Newcomb deceas'd, printers to the Kings most excellent Majesty, MDCXCV. [1695]
Series:Early English books online.
Subjects:
Online Access:Connect to the full text of this electronic book

MARC

Tag First Indicator Second Indicator Subfields
LEADER 00000nam a2200000Ia 4500
001 in00004334608
005 20200812093924.0
006 m g d
007 cr bn |||a|bb|
008 090108s1695 enk o 000 0 eng d
040 |a UMI  |c UMI  |e dcrb 
035 |a (OCoLC)297426102 
037 |a CL0037000130  |b ProQuest Information and Learning, 789 E. Eisenhower Parkway, Ann Arbor, MI 48108-3218 
043 |a e-uk-en  |a e-uk--- 
090 |a KD5320.A3  |b 1695 
049 |a UMIA 
110 1 |a England and Wales.  |b Parliament. 
245 1 0 |a Anno Regni Gulielmi III. Regis Angliae, Scotiae, Franciae & Hiberniae, Septimo. :  |b At the Parliament begun at Westminster the two and twentieth day of November, Anno Dom. 1695. In the seventh year of the reign of our sovereign Lord William the Third, by the grace of God, of England, Scotland, France and Ireland, king, defender of the faith, &c. 
246 1 |i Caption title from first page of text:  |a Act for remedying the ill state of the coin of the kingdom 
260 |a London :  |b Printed by Charles Bill, and the executrix of Thomas Newcomb deceas'd, printers to the Kings most excellent Majesty,  |c MDCXCV. [1695] 
300 |a 1 online resource (18 pages) 
336 |a text  |b txt  |2 rdacontent 
337 |a computer  |b c  |2 rdamedia 
338 |a online resource  |b cr  |2 rdacarrier 
500 |a Title vignette: royal coat of arms. 
500 |a Reproduction of original in: Folger Shakespeare Library. 
510 4 |a Wing (2nd edition)  |c E1059B 
533 |a Electronic reproduction.  |b Ann Arbor, Mich. :  |c UMI,  |d 1999-  |f (Early English books online)  |n Digital version of: (Early English Books, 1641-1700 ; 2921:2)  |7 s1999 miun s 
650 0 |a Coinage  |z England  |v Early works to 1800. 
651 0 |a Great Britain  |x Politics and government  |y 1689-1702  |v Early works to 1800. 
651 0 |a Great Britain  |x History  |y William and Mary, 1689-1702  |v Early works to 1800. 
830 0 |a Early English books online. 
856 4 0 |u http://proxy.library.tamu.edu/login?url=https://search.proquest.com/docview/2240897681  |z Connect to the full text of this electronic book  |t 0 
994 |a 02  |b UMI 
999 f f |s 328a2d69-32c7-3214-8c4b-70551b48653b  |i 55474f4c-be40-3ea1-8a8c-381fb77f562a  |t 0 
952 f f |a Texas A&M University  |b College Station  |c Electronic Resources  |d Available Online  |t 0  |e KD5320.A3 1695  |h Library of Congress classification 
998 f f |a KD5320.A3 1695  |t 0  |l Available Online